Normal view
MARC view
- Learning by discovery.
Entry Topical Term
001 - CONTROL NUMBER
- control field: 4133
003 - CONTROL NUMBER IDENTIFIER
- control field: NUST
005 - DATE AND TIME OF LATEST TRANSACTION
- control field: 20170824114408.0
008 - FIXED-LENGTH DATA ELEMENTS
- fixed length control field: 170824|| aca||aabn | a|a d
040 ## - CATALOGING SOURCE
- Original cataloging agency: NUST
- Transcribing agency: NUST
150 ## - HEADING--TOPICAL TERM
- Topical term or geographic name entry element: Learning by discovery.
670 ## - SOURCE DATA FOUND
- Source citation: Work cat.: (NUST)0: Kolb, David A., 1939- 4131, Experiential learning :, c1984.
